000 00336nam a2200145Ia 4500
008 210210b1832 xxu||||| |||| 00| 0 eng d
041 _aeng
082 _a829/980
100 _aSCOTT (Sir W)
245 _aWoodstock
260 _aCalcatta
_bNot Mentioned
_c1832
650 _aWoodstock
690 _aEnglish Fiction
906 _a017595
999 _c137579
_d137579